Normal view
MARC view
Entry Personal Name
001 - CONTROL NUMBER
- control field: 10559
003 - CONTROL NUMBER IDENTIFIER
- control field: ARRUPE
005 - DATE AND TIME OF LATEST TRANSACTION
- control field: 20140603142243.0
008 - FIXED-LENGTH DATA ELEMENTS
- fixed length control field: 140603|| aca||aabn | a|a d
040 ## - CATALOGING SOURCE
- Original cataloging agency: ARRUPE
- Transcribing agency: ARRUPE
100 ## - HEADING--PERSONAL NAME
- Personal name: Baudrillard, Jean
670 ## - SOURCE DATA FOUND
- Source citation: Work cat.: (ARRUPE): Baudrillard, Jean, Simulations, 1983